| 000 | 00860cam a22002291 4500 | ||
|---|---|---|---|
| 001 | 000018993 | ||
| 005 | 20200929165910.0 | ||
| 008 | 730109s1978 ja ab 000 0 eng d | ||
| 040 |
_aDO-SdBNP _bspa _cBNPHU |
||
| 041 | 1 | 7 |
_aeng _hjpn |
| 100 | 0 |
_aMichitsuna no Haha, _dca. 935-995. _940867 |
|
| 245 | 1 | 4 |
_aThe gossamer years (Kagero Nikki) : _bthe diary of a noblewoman of heian Japan / _ctranslated by Edward Seidensticker. |
| 250 | _a3. ed. | ||
| 260 |
_aTokyo : _bCharles E. Tuttle Company, _c1978. |
||
| 300 |
_a201 p. : _bilus., mapas ; _c23 cm. |
||
| 490 | 0 | _aUNESCO collection of representative works. Japanese series | |
| 650 | 2 | 4 |
_aLiteratura japonesa _94301 |
| 650 | 2 | 4 |
_aTradiciones japonesas _940868 |
| 651 | 4 |
_aJapón _xCorte Y Cortesanos _940869 |
|
| 651 | 4 |
_aJapón _xCostumbres _940870 |
|
| 700 | 1 |
_aSeidensticker, Edward, _d1921-2007, _etrad. _93841 |
|
| 999 |
_c18511 _d18511 |
||